Top 100 Biggest Cities in Illinois - Statistics

General Stats
  • This quiz has been taken 621 times
  • The average score is 30 of 100
Answer Stats
Population City % Correct
2,746,388 Chicago
99%
114,394 Springfield
91%
180,542 Aurora
84%
148,655 Rockford
84%
113,150 Peoria
83%
149,540 Naperville
81%
150,362 Joliet
80%
88,302 Champaign
79%
114,797 Elgin
69%
78,110 Evanston
69%
78,680 Bloomington
65%
85,268 Cicero
61%
89,321 Waukegan
61%
38,336 Urbana
57%
78,723 Schaumburg
56%
70,522 Decatur
55%
77,676 Arlington Heights
53%
54,583 Oak Park
53%
52,736 Normal
49%
42,985 Moline
47%
67,824 Skokie
44%
73,922 Bolingbrook
43%
60,675 Des Plaines
43%
40,290 DeKalb
40%
67,908 Palatine
40%
24,052 Kankakee
39%
37,108 Rock Island
38%
53,970 Wheaton
37%
58,362 Oak Lawn
36%
58,703 Orland Park
36%
55,971 Tinley Park
36%
50,247 Downers Grove
34%
39,463 Quincy
34%
57,250 Berwyn
31%
52,530 Hoffman Estates
31%
29,204 Danville
30%
30,759 North Chicago
29%
42,404 Belleville
27%
27,480 Chicago Heights
26%
40,269 Crystal Lake
26%
45,786 Elmhurst
26%
25,614 West Chicago
26%
26,808 Edwardsville
25%
48,705 Glenview
24%
30,706 Gurnee
24%
30,176 Highland Park
24%
25,676 Alton
23%
43,212 Buffalo Grove
23%
36,033 Calumet City
23%
44,476 Lombard
23%
44,762 Plainfield
23%
30,912 Niles
22%
39,863 Romeoville
22%
33,081 St. Charles
22%
35,222 Northbrook
21%
24,655 Zion
21%
39,854 Carol Stream
20%
30,052 Galesburg
20%
27,135 McHenry
20%
56,852 Mount Prospect
20%
39,656 Park Ridge
19%
34,585 Oswego
18%
39,137 Wheeling
18%
35,702 Addison
17%
25,339 Belvidere
17%
31,731 Pekin
17%
28,170 Wilmette
17%
37,983 Carpentersville
16%
32,812 Elk Grove Village
16%
26,098 Batavia
15%
28,846 Glen Ellyn
15%
32,289 O'Fallon
15%
29,700 Algonquin
14%
24,366 Collinsville
14%
23,973 Freeport
14%
31,560 Mundelein
14%
25,630 Woodstock
14%
27,549 Granite City
13%
26,850 Vernon Hills
13%
41,105 Bartlett
12%
37,470 Hanover Park
12%
26,094 Lockport
12%
27,252 Round Lake Beach
12%
23,865 South Elgin
12%
39,577 Streamwood
12%
29,076 Lansing
11%
34,158 Woodridge
11%
27,740 Huntley
10%
24,223 Lisle
10%
25,297 Morton Grove
10%
29,439 Burbank
9%
33,176 Glendale Heights
9%
28,982 Lake in the Hills
9%
27,214 New Lenox
9%
27,478 Oak Forest
9%
24,200 Rolling Meadows
9%
24,521 Elmwood Park
7%
24,543 Homer Glen
7%
24,796 Melrose Park
7%
24,429 Westmont
7%
No matching quizzes found
Score Distribution
Percent of People with Each Score
Percentile by Number Answered
Your Score History
You have not taken this quiz